Sports Quiz

Random Sports or MLB Quiz

Teammates 1st & 2nd in HR Quiz Stats

Quiz Updated Aug 16, 2012

Challenge
Share
Tweet
Embed
Score 0/42 Timer 07:00
0 Plays Today
Team Teammates % Correct
1931 YankeesBabe Ruth
95.5%
1930 YankeesBabe Ruth
95.5%
1929 YankeesBabe Ruth
95.5%
1928 YankeesBabe Ruth
95.5%
1927 YankeesBabe Ruth
95.5%
1925 YankeesBabe Ruth
95.5%
1921 YankeesBabe Ruth
95.5%
2004 Red SoxDavid Ortiz
95.3%
2004 Red SoxManny Ramirez
90.9%
1961 YankeesMickey Mantle
89.7%
1960 YankeesMickey Mantle
89.7%
1931 YankeesLou Gehrig
83.9%
1930 YankeesLou Gehrig
83.9%
1929 YankeesLou Gehrig
83.9%
1928 YankeesLou Gehrig
83.9%
1927 YankeesLou Gehrig
83.9%
1961 YankeesRoger Maris
83.6%
1960 YankeesRoger Maris
83.6%
1965 GiantsWillie Mays
82.7%
1961 GiantsWillie Mays
82.7%
1995 RockiesLarry Walker
70.5%
Team Teammates % Correct
1949 Red SoxTed Williams
62.3%
1920 PhilliesCy Williams
61.8%
1918 PhilliesCy Williams
61.8%
1965 GiantsWillie McCovey
59.6%
1983 Red SoxJim Rice
52.6%
1995 RockiesDante Bichette
50.2%
1942 GiantsMel Ott
31.3%
1961 GiantsOrlando Cepeda
16.4%
1983 Red SoxTony Armas
13.1%
1916 YankeesHome Run Baker
13%
1952 IndiansLarry Doby
11.1%
1942 GiantsJohnny Mize
8.7%
1925 YankeesBob Meusel
7.8%
1921 YankeesBob Meusel
7.8%
1920 PhilliesIrish Meusel
7.8%
1916 YankeesWally Pipp
5.9%
1949 Red SoxVern Stephens
4.6%
1918 PhilliesGavvy Cravath
2.9%
1945 BravesTommy Holmes
2.2%
1952 IndiansLuke Easter
1.5%
1945 BravesChuck Workman
0.8%

You're not logged in!

Compare scores with friends on all Sporcle quizzes.
Sign Up with Email
OR
Log In

You Might Also Like...

Show Comments

Extras

Top Quizzes Today


Score Distribution

Your Account Isn't Verified!

In order to create a playlist on Sporcle, you need to verify the email address you used during registration. Go to your Sporcle Settings to finish the process.